<?xml version="1.0" encoding="UTF-8"?>
<record
    xmlns:xsi="http://www.w3.org/2001/XMLSchema-instance"
    xsi:schemaLocation="http://www.loc.gov/MARC21/slim http://www.loc.gov/standards/marcxml/schema/MARC21slim.xsd"
    xmlns="http://www.loc.gov/MARC21/slim">

  <leader>02088nam a2200241 a 4500</leader>
  <controlfield tag="005">20141215145150.0</controlfield>
  <controlfield tag="008">140128b2007    ck ||||| |||| 00| 0 spa d</controlfield>
  <datafield tag="040" ind1=" " ind2=" ">
    <subfield code="c">CO-BoIH</subfield>
  </datafield>
  <datafield tag="041" ind1=" " ind2=" ">
    <subfield code="a">spa</subfield>
  </datafield>
  <datafield tag="044" ind1=" " ind2=" ">
    <subfield code="a">ck</subfield>
  </datafield>
  <datafield tag="090" ind1=" " ind2=" ">
    <subfield code="a">IAVH</subfield>
    <subfield code="b">00793</subfield>
  </datafield>
  <datafield tag="111" ind1=" " ind2=" ">
    <subfield code="a">Taller Regional del Grupo T&#xE9;cnico Proceso de Construcci&#xF3;n del Plan de Acci&#xF3;n SINAP</subfield>
    <subfield code="c">Pereira</subfield>
    <subfield code="d">septiembre 7-9, 2007</subfield>
    <subfield code="9">30162</subfield>
  </datafield>
  <datafield tag="245" ind1=" " ind2=" ">
    <subfield code="a">Memorias del taller regional del grupo t&#xE9;cnico proceso de construcci&#xF3;n del plan de acci&#xF3;n SINAP</subfield>
  </datafield>
  <datafield tag="260" ind1=" " ind2=" ">
    <subfield code="a">Pereira</subfield>
    <subfield code="b">CARDER</subfield>
    <subfield code="b">Instituto Alexander von Humboldt</subfield>
    <subfield code="c">2007</subfield>
  </datafield>
  <datafield tag="300" ind1=" " ind2=" ">
    <subfield code="a">56 p.</subfield>
  </datafield>
  <datafield tag="505" ind1=" " ind2=" ">
    <subfield code="a">Contenido CD: Presentaciones: Antecedentes y avances del SIRAP eje cafetero en temas relacionados con referentes ambientales para &#xE1;reas protegidas y otros suelos de protecci&#xF3;n -- Elementos a enfatizar en los procesos de  actualizaci&#xF3;n de los determinantes ambientales para la elaboraci&#xF3;n y revisi&#xF3;n de los planes de ordenamiento territorial -- Competencias de las autoridades ambientales en el ordenamiento territorial --  Determinantes ambientales y &#xE1;reas protegidas / C&#xE9;sar Augusto Rey -- Referentes ambientales CARDER  -- Suelos de protecci&#xF3;n en el ordenamiento ambiental de los municipios del Valle del Cauca CVC 2007 --  &#xC1;reas protegidas y otros suelos de protecci&#xF3;n en el Departamento de Caldas CORPOCALDAS -- Asuntos exclusivamente ambientales a concertar con la autoridad ambiental -- Copia del documento impreso</subfield>
  </datafield>
  <datafield tag="520" ind1=" " ind2=" ">
    <subfield code="a">El CD contiene varios documentos entre los cuales se destacan los antecedentes sobre los referentes ambientales en el SIRAP EC; ajustes a la ley 338 de Ordenamiento territorial e implicaciones en los POT, EOT y PBOT; Determinantes ambientales en Risaralda: suelos de protecci&#xF3;n; suelos de protecci&#xF3;n en el ordenamiento ambiental de los municipios del Valle del Cauca, &#xC1;reas protegidas y otros suelos de protecci&#xF3;n en el departamento de Caldas</subfield>
  </datafield>
  <datafield tag="650" ind1=" " ind2=" ">
    <subfield code="a">Plan de acci&#xF3;n</subfield>
    <subfield code="9">30163</subfield>
  </datafield>
  <datafield tag="650" ind1=" " ind2=" ">
    <subfield code="a">SIRAP-EC</subfield>
    <subfield code="9">5412</subfield>
  </datafield>
  <datafield tag="662" ind1=" " ind2=" ">
    <subfield code="a">Colombia</subfield>
    <subfield code="c">Santuario de Flora y Fauna Ot&#xFA;n Quimbaya</subfield>
    <subfield code="b">Risaralda</subfield>
  </datafield>
  <datafield tag="942" ind1=" " ind2=" ">
    <subfield code="c">INFORME</subfield>
    <subfield code="2">z</subfield>
  </datafield>
  <datafield tag="945" ind1=" " ind2=" ">
    <subfield code="d">2008-06-18</subfield>
  </datafield>
  <datafield tag="999" ind1=" " ind2=" ">
    <subfield code="c">6310</subfield>
    <subfield code="d">6310</subfield>
  </datafield>
  <datafield tag="952" ind1=" " ind2=" ">
    <subfield code="0">0</subfield>
    <subfield code="1">0</subfield>
    <subfield code="2">z</subfield>
    <subfield code="4">0</subfield>
    <subfield code="7">0</subfield>
    <subfield code="8">HUMBOLDT</subfield>
    <subfield code="I">INV2017</subfield>
    <subfield code="a">Bogota</subfield>
    <subfield code="b">Bogota</subfield>
    <subfield code="d">2008-06-18</subfield>
    <subfield code="e">Proyecto Andes</subfield>
    <subfield code="l">0</subfield>
    <subfield code="o">IAVH-00793</subfield>
    <subfield code="p">026067</subfield>
    <subfield code="r">2024-08-09 00:00:00</subfield>
    <subfield code="t">Ej. 1</subfield>
    <subfield code="w">2012-12-04</subfield>
    <subfield code="x">Dep&#xF3;sito Institucional</subfield>
    <subfield code="y">INFORME</subfield>
  </datafield>
  <datafield tag="952" ind1=" " ind2=" ">
    <subfield code="0">0</subfield>
    <subfield code="1">0</subfield>
    <subfield code="2">z</subfield>
    <subfield code="4">0</subfield>
    <subfield code="7">0</subfield>
    <subfield code="8">HUMBOLDT</subfield>
    <subfield code="a">Bogota</subfield>
    <subfield code="b">Bogota</subfield>
    <subfield code="d">2008-06-18</subfield>
    <subfield code="e">Proyecto Andes</subfield>
    <subfield code="l">0</subfield>
    <subfield code="o">IAVH-00793</subfield>
    <subfield code="p">026066</subfield>
    <subfield code="r">2012-12-04 00:00:00</subfield>
    <subfield code="t">Ej. 2</subfield>
    <subfield code="w">2012-12-04</subfield>
    <subfield code="y">CD-ROM</subfield>
    <subfield code="z">Taller Regional del Grupo T&#xE9;cnico Proceso de Construcci&#xF3;n del Plan de Acci&#xF3;n SINAP</subfield>
  </datafield>
</record>
